|
|
|
|
| LEADER |
01104nam a2200289 a 4500 |
| 001 |
36687 |
| 003 |
BD-DhAAL |
| 005 |
20191120131719.0 |
| 008 |
191120t1993 nyua b 001 0 eng |
| 999 |
|
|
|c 41858
|d 41858
|
| 010 |
|
|
|a 92031208
|
| 020 |
|
|
|a 0393963209
|
| 040 |
|
|
|a DLC
|c DLC
|d DLC
|d BD-DhAAL
|
| 050 |
0 |
0 |
|a HB172
|b .V34 1993
|
| 082 |
0 |
0 |
|a 338.5
|2 20
|
| 100 |
1 |
|
|a Varian, Hal R.
|9 37460
|
| 245 |
1 |
0 |
|a Intermediate microeconomics :
|b a modern approach /
|c Hal R. Varian.
|
| 250 |
|
|
|a Third edition
|
| 260 |
|
|
|a New York :
|b W.W. Norton,
|c c1993.
|
| 300 |
|
|
|a xxiv, 623, A36 pages :
|b color illustrations ;
|c 24 cm.
|
| 504 |
|
|
|a Includes bibliographical references and index.
|
| 526 |
|
|
|a ESS
|
| 541 |
|
|
|a Complimentary copy from Professor Dr. Nasreen Khundker
|e 36687
|
| 650 |
|
0 |
|a Microeconomics.
|9 37461
|
| 852 |
|
|
|a Ayesha Abed Library
|c General Stacks
|
| 942 |
|
|
|2 ddc
|c BK
|
| 952 |
|
|
|0 0
|1 0
|2 ddc
|4 0
|6 338_500000000000000_VAR
|7 0
|9 67228
|a BRACUL
|b BRACUL
|c GEN
|d 2019-11-20
|e Complimentary copy from Professor Dr. Nasreen Khundker.
|l 5
|m 55
|o 338.5 VAR
|p 3010036687
|r 2025-11-16
|s 2025-11-09
|t 1
|w 2019-11-20
|y BK
|